<?xml version="1.0" encoding="UTF-8"?>
<record
    xmlns:xsi="http://www.w3.org/2001/XMLSchema-instance"
    xsi:schemaLocation="http://www.loc.gov/MARC21/slim http://www.loc.gov/standards/marcxml/schema/MARC21slim.xsd"
    xmlns="http://www.loc.gov/MARC21/slim">

  <leader>00806nam a22001697a 4500</leader>
  <controlfield tag="003">OSt</controlfield>
  <controlfield tag="005">20251127082739.0</controlfield>
  <controlfield tag="008">251127b        |||||||| |||| 00| 0 eng d</controlfield>
  <datafield tag="040" ind1=" " ind2=" ">
    <subfield code="c">DCL</subfield>
  </datafield>
  <datafield tag="082" ind1=" " ind2=" ">
    <subfield code="a">&#x1042;&#x1049;&#x1044;.&#x1043;&#x1048;&#x1042;&#x1043;&#x1045;&#x1043;</subfield>
  </datafield>
  <datafield tag="130" ind1=" " ind2=" ">
    <subfield code="a">&#x1010;&#x102D;&#x1015;&#x102D;&#x100B;&#x1000;&#x104B;</subfield>
    <subfield code="p">&#x101E;&#x102F;&#x1010;&#x1039;&#x1010;&#x1014;&#x1039;&#x1010;&#x1015;&#x102D;&#x100B;&#x1000;&#x104B;</subfield>
    <subfield code="p">&#x1001;&#x102F;&#x1012;&#x1039;&#x1012;&#x1000;&#x1014;&#x102D;&#x1000;&#x102C;&#x101A;&#x104B;</subfield>
    <subfield code="t">&#x1007;&#x102C;&#x1010;&#x1000;&#x104A;</subfield>
    <subfield code="l">&#x1021;&#x100B;&#x1039;&#x100C;&#x1000;&#x1011;&#x102C;&#x104B;</subfield>
  </datafield>
  <datafield tag="245" ind1=" " ind2=" ">
    <subfield code="a">&#x1007;&#x102C;&#x1010;&#x1000;&#x100B;&#x1039;&#x100C;&#x1000;&#x1011;&#x102C;&#x104A;</subfield>
    <subfield code="n">&#x1015;&#x1025;&#x1039;&#x1005;&#x1019;&#x1010;&#x103D;&#x1032;&#x104B;</subfield>
  </datafield>
  <datafield tag="264" ind1=" " ind2=" ">
    <subfield code="a">&#x101B;&#x1014;&#x103A;&#x1000;&#x102F;&#x1014;&#x103A; &#x104A;</subfield>
    <subfield code="b">&#x1014;&#x102D;&#x102F;&#x1004;&#x103A;&#x1004;&#x1036;&#x1010;&#x1031;&#x102C;&#x103A;&#x1017;&#x102F;&#x1012;&#x1039;&#x1013;&#x101E;&#x102C;&#x101E;&#x1014;&#x102C;&#x1021;&#x1016;&#x103D;&#x1032;&#x1037;&#x104A;</subfield>
    <subfield code="c">&#x1041;&#x1049;&#x1045;&#x1049;&#x104B;</subfield>
  </datafield>
  <datafield tag="300" ind1=" " ind2=" ">
    <subfield code="a">&#x1046;&#x1047;&#x1045; &#x1005;&#x102C;&#x1019;&#x103B;&#x1000;&#x103A;&#x1014;&#x103E;&#x102C; &#x104A;</subfield>
    <subfield code="c">&#x1042;&#x1045; &#x1005;&#x1004;&#x103A;&#x1010;&#x102E;&#x104B;</subfield>
  </datafield>
  <datafield tag="650" ind1=" " ind2=" ">
    <subfield code="a">&#x1007;&#x102C;&#x1010;&#x1000;</subfield>
    <subfield code="v">&#x1021;&#x100B;&#x1039;&#x100C;&#x1000;&#x1011;&#x102C;&#x104B;</subfield>
  </datafield>
  <datafield tag="942" ind1=" " ind2=" ">
    <subfield code="2">ddc</subfield>
    <subfield code="c">SHORT TERM</subfield>
    <subfield code="n">0</subfield>
  </datafield>
  <datafield tag="952" ind1=" " ind2=" ">
    <subfield code="0">0</subfield>
    <subfield code="1">0</subfield>
    <subfield code="2">ddc</subfield>
    <subfield code="4">0</subfield>
    <subfield code="7">0</subfield>
    <subfield code="8">P</subfield>
    <subfield code="a">DHAM</subfield>
    <subfield code="b">DHAM</subfield>
    <subfield code="c">Myanmar Pitaka Shelves</subfield>
    <subfield code="d">2025-11-27</subfield>
    <subfield code="l">0</subfield>
    <subfield code="o">&#x1042;&#x1049;&#x1044;.&#x1043;&#x1048;&#x1042;&#x1043;&#x1045;&#x1043; &#x1001;&#x102F;&#x1012;&#x1039;&#x1012; &#x1042;&#x1045;&#x1048;&#x1048;</subfield>
    <subfield code="p">MB00002588</subfield>
    <subfield code="r">2025-11-27 08:10:14</subfield>
    <subfield code="w">2025-11-27</subfield>
    <subfield code="y">SHORT TERM</subfield>
    <subfield code="A">&#x1042;&#x1045;&#x1048;&#x1048;</subfield>
  </datafield>
  <datafield tag="999" ind1=" " ind2=" ">
    <subfield code="c">2627</subfield>
    <subfield code="d">2627</subfield>
  </datafield>
</record>
